| 000 | 00690nam a2200229 a 4500 | ||
|---|---|---|---|
| 008 | |||
| 020 | _a0750673281 (hbk. ) | ||
| 049 | _aMAIN | ||
| 090 |
_aREF TS184 _bPLA |
||
| 245 | 1 | 0 |
_aPlant engineer's handbook / _bedited by R. Keith Mobley. |
| 260 |
_aBoston : _bButterworth-Heinemann, _cc2001. |
||
| 300 |
_a1189 p. : _bill. ; _c27 cm. |
||
| 500 | _aIncludes index. | ||
| 504 | _aIncludes blibliographical references. | ||
| 650 | 1 |
_aPlant engineer-Handbooks _xmanuals. |
|
| 700 | _aMobley, R. Keith. | ||
| 907 |
_a.b10311415 _b11-12-12 _c30-03-12 |
||
| 003 | |||
| 005 | 20230120191434.0 | ||
| 040 | _cNUST | ||
| 942 |
_cBOOKS _kREF TS184 _mPLA |
||
| 999 |
_c101137 _d101137 |
||